00450nam a22001577a 450000500170000000800410001702000150005804000080007308200200008110000200010124500410012126000310016230000100019352100650020365000240026820181013131439.0181013b ||||| |||| 00| 0 eng d a0938612042 cDLC a261.578bB7427R aBoschman, Lamar aThe Rebirth of MusiccLamar Boschman aTexasbRevival Pressc1980 a95p,; aincludes list of scriptures about music in the bible [75-95] amusic's rolexmusic